000 00526ntaaa2200181 4500
003 01
005 20251027201359.0
008 0714s1973 ag 01
040 _aAR-BaBN
_bspa
_cAR-BaBN
_eaacr
_dRIC
082 _a225.594545 B47
245 _aUus Testament ja Psalmid; Nuevo Testamento y Salmos Estoniano.
250 _a1 ed.
260 _aLondon :
_bBritish and Foreign Bible Society,
_c1947
300 _a655 p.
650 _aBiblia-N.T.-Estoniano
_912285
650 _aEstoniano-Nuevo Testamento y Salmos
_912286
942 _cBK
999 _c8339
_d8339